Actividades para apoyar el desarrollo sensorio motor : (Record no. 619)

MARC details
000 -CABECERA
campo de control de longitud fija 00755nam a2200205 a 4500
005 - FECHA Y HORA DE LA ÚLTIMA TRANSACCIÓN
campo de control 20231123063602.0
008 - ELEMENTOS DE LONGITUD FIJA--INFORMACIÓN GENERAL
campo de control de longitud fija 991125s1992 mx 000 0 spa u
035 ## - NÚMERO DE CONTROL DEL SISTEMA
Número de control de sistema UPN01000000619
049 ## - COLECCIÓN
Colección SEP
050 #4 - SIGNATURA TOPOGRÁFICA DE LA BIBLIOTECA DEL CONGRESO
Número de clasificación L227
Número de documento/Ítem B2 1992d
110 1# - ASIENTO PRINCIPAL--NOMBRE CORPORATIVO
Nombre de entidad corporativa o nombre de jurisdicción como elemento de entrada México.
Unidad subordinada Secretaría de Educación Pública
245 10 - MENCIÓN DE TÍTULO
Título Actividades para apoyar el desarrollo sensorio motor :
Resto del título ciclo escolar 1991-1992 /
Mención de responsabilidad, etc. Secretaría de Educación Pública.
260 ## - PUBLICACIÓN, DISTRIBUCIÓN, ETC.
Lugar de publicación, distribución, etc. México :
Nombre del editor, distribuidor, etc. SEP,
Fecha de publicación, distribución, etc. 1992.
300 ## - DESCRIPCIÓN FÍSICA
Extensión 161 p. :
Otras características físicas il.
500 ## - NOTA GENERAL
Nota general "Programa para la Modernización Educativa 1989-1994 : prueba operativa"
500 ## - NOTA GENERAL
Nota general "Propuesta de libro para el alumno"
500 ## - NOTA GENERAL
Nota general "Educación Primaria 1o"
650 #4 - ASIENTO SECUNDARIO DE MATERIA - TERMINO TEMATICO
Término de materia o nombre geográfico como elemento de entrada Educación primaria
Subdivisión geográfica México
Subdivisión general Planes y programas
9 (RLIN) 9975
905 ## - TIPO DE MATERIAL
Tipo de material Libro
Holdings
Estado de retiro Estado de pérdida Fuente del sistema de clasificación o colocación Estado dañado No para préstamo Código de colección Localización permanente Ubicación/localización actual Ubicación en estantería Fecha de adquisición Clasificación Código de barras Fecha visto por última vez Número de copia Tipo de ítem Koha
    Library of Congress Classification   Coleccion SEP Colección SEP Bib. Gregorio Torres Quintero Bib. Gregorio Torres Quintero Colección SEP 09/05/2023 L227 B2 1992d 128541 31/12/2020 1 Libro